El análisis grafológico sencillo (Registro nro. 9287)

Detalles MARC
000 -Cabecera
Campo de control de longitud fija 00649nam a22002657a 4500
005 - Fecha y hora de la última transacción
Campo de control 20251203114843.0
008 - Elementos de longitud fija--Información general
Campo de control de longitud fija 161003b2002 xxu||||| |||| 00| 0 spa d
020 ## - International Standard Book Number
Número Internacional Estándar del Libro (ISBN) 848866527X
041 ## - Idioma
Código de idioma Español
082 ## - Clasificación Decimal Dewey
Número de clasificación 363.256.5 X2a3
100 ## - Entrada principal--Autor personal
Nombre personal Xandró, Mauricio
245 ## - Título propiamente dicho
Título El análisis grafológico sencillo
250 ## - Edición
Mención de edición 3 edición
260 ## - Pie de imprenta
Lugar de publicación, distribución, etc. España
260 ## - Pie de imprenta
Nombre del editor, distribuidor, etc. Mauricio Xandró
260 ## - Pie de imprenta
Fecha de publicación, distribución, etc. 2002
300 ## - Descripción física
Extensión 128 páginas
490 ## - Serie
Título de la Serie Investigación Criminal
650 ## - Materia general
Temática (materia general) GRAFOLOGÍA
650 ## - Materia general
Temática (materia general) REDACCIÓN DE INFORMES
650 ## - Materia general
Temática (materia general) PERSONALIDAD
650 ## - Materia general
Temática (materia general) COMPORTAMIENTO
650 ## - Materia general
Temática (materia general) FIRMAS
942 ## - Punto de acceso adicional KOHA
Tipo de ítem KOHA Libro
Fuente del sistema de clasificación o colocación Dewey Decimal Classification
Existencias
Signatura completa Código de barras Programa Académico Tipo de ítem
363.256.5 X2a3 22114 Investigación Criminal Libro